000 00601nam a2200229Ia 4500
003 OSt
005 20220928101803.0
006 a|||||r|||| 00| 0
007 ta
008 220927b |||||||| |||| 00| 0 eng d
024 _a55645
037 _cTextual
040 _aSDCL
_cSDCL
_beng
041 _2eng
_aeng
082 _aO152,3N292,5, N5
100 _aAwasthy Rajendra
_9395130
245 0 _aMachhali bazaar.
260 _aDelhi
_bVidya Pustak Sadan
_c1995
300 _a127p
_ccm.
942 _hO152,3N292,5, N5
_cTEXL
_2CC
999 _c710767
_d710767